| Поле | Инд. | ПП | Название | Значение |
|---|---|---|---|---|
| Тип записи | a | |||
| Библиографический уровень | b | |||
| 001 | Контрольный номер | UNIDUBNAcdd88d5b4260495bb4bf276373c4af62 | ||
| 005 | Дата корректировки | 20230705112656.2 | ||
| 008 | Кодируемые данные | 20170331 | ||
| 040 | b | Код языка каталог. | rus | |
| e | Правила каталог. | PSBO | ||
| 041 | 0_ | a | Код языка текста | rus |
| 084 | a | Индекс другой классификации/Индекс ББК | 88.727; 88.93 | |
| 100 | 1_ | a | Автор | Власова И. Э. |
| 245 | 10 | a | Заглавие | Кинезиологические методы работы с детьми, имеющими дефекты речи |
| 520 | 0_ | a | Аннотация | В статье речь идет о кинезиологии как науке о развитии умственных способностей и физического здоровья через двигательные упражнения. Кинезиологические методики в дефектологии позволяют активировать различные отделы коры полушарий мозга, корректируя проблемы, связанные с их деятельностью. Даны примеры упражнений, влияющие на постановку звука, речевого дыхания, голоса, артикуляционную моторику и многое другое. |
| 650 | 14 | a | Основная рубрика | клиническая психология (медицинская психология) |
| a | Основная рубрика | практическая психология (прикладная психология) | ||
| a | Основная рубрика | психокоррекция | ||
| a | Основная рубрика | психология | ||
| a | Основная рубрика | специальная психология | ||
| 653 | 0_ | a | Ключевые слова | гиперактивность |
| a | Ключевые слова | Дом ребенка | ||
| a | Ключевые слова | дошкольники | ||
| a | Ключевые слова | дыхательные упражнения | ||
| a | Ключевые слова | задержка развития | ||
| a | Ключевые слова | игровая коррекция | ||
| a | Ключевые слова | кинезиологическая коррекция | ||
| a | Ключевые слова | кинезиологические методы | ||
| a | Ключевые слова | кинезиологические упражнения | ||
| a | Ключевые слова | кинезиология | ||
| a | Ключевые слова | кинезиотерапия | ||
| a | Ключевые слова | коммуникативно-речевая среда | ||
| a | Ключевые слова | комплексные занятия | ||
| a | Ключевые слова | логопсихология | ||
| a | Ключевые слова | мелкая моторика | ||
| a | Ключевые слова | младшие школьники | ||
| a | Ключевые слова | педагогическая поддержка | ||
| a | Ключевые слова | педагогическая психология | ||
| a | Ключевые слова | психологическое сопровождение | ||
| a | Ключевые слова | психолого-педагогические технологии | ||
| a | Ключевые слова | развивающие занятия | ||
| a | Ключевые слова | развитие речи | ||
| a | Ключевые слова | речевое общение | ||
| 773 | 08 | t | Заглавие источника | Работник социальной службы |
| d | Дата издания источника | 2022 | ||
| g | Прочая информация | № 4. - С. 115 - 122 | ||
| w | Контрольный № источника | UNIDUBNAacb01dadd13649c3845f6882e49ff180 | ||
| 901 | t | Тип документа | b |